বিষয়বস্তু এড়িয়ে যান

Личность преступника и механизм преступного поведения Учебное пособие

В учебном пособии рассматриваются исходные криминологические по- нятия «преступность» и «преступное поведение» особенности понимания и структура личности преступника механизм преступного поведения основные теории объясняющие формирование личности преступника и ее криминоген- но значимых свойств. Про...

সম্পূর্ণ বিবরণ

সংরক্ষণ করুন:
গ্রন্থ-পঞ্জীর বিবরন
প্রধান লেখক: Крымов А.А
বিন্যাস: Учебное пособие
অনলাইন ব্যবহার করুন:https://znanium.com/catalog/document?id=18203
https://znanium.com/cover/0780/780414.jpg
ট্যাগগুলো: ট্যাগ যুক্ত করুন
কোনো ট্যাগ নেই, প্রথমজন হিসাবে ট্যাগ করুন!
LEADER 03504nam0a2200325 i 4500
001 RU\infra-m\znanium\bibl\780414
003 https://znanium.com/catalog/document?id=18203
005 20200115000000.0
010 |a 978-5-7743-0720-3 
100 |a 20200115d2016 m y0rusy0150 ca 
101 0 |a rus 
102 |a RU 
200 1 |a Личность преступника и механизм преступного поведения  |e Учебное пособие  |f Академия права и управления Федеральной службы исполнения наказаний  |g Академия права и управления Федеральной службы исполнения наказаний 
210 1 |a Рязань  |c Академия ФСИН России  |d 2015 
215 |a 184 с. 
330 |a В учебном пособии рассматриваются исходные криминологические по- нятия «преступность» и «преступное поведение» особенности понимания и структура личности преступника механизм преступного поведения основные теории объясняющие формирование личности преступника и ее криминоген- но значимых свойств. Прослеживается эволюция взглядов на формирование личности преступника - от биологического объяснения природы источников правонарушающего поведения до современного понимания личности делин- квента в совокупности биологических качеств и социальных свойств. Пособие предназначено для студентов изучающих криминологию юри- дическую и пенитенциарную психологию. 
333 |a Профессиональное образование 
606 |a Право. Юридические науки  |x Криминология  |2 local 
608 |a Учебное пособие  |2 local 
675 |a 343  |z rus 
686 |a 6751  |2 rubbk 
686 |a 40.00.00  |2 okso 
700 1 |a Крымов  |b А.А.  |g Александр Александрович  |p Академия права и управления Федеральной службы исполнения наказаний 
701 1 |a Сысоев  |b А.М. 
701 1 |a Старков  |b О.В.  |g Олег Викторович  |p Всероссийский государственный университет юстиции (РПА Минюста России) 
701 1 |a Сиряков  |b А.Н.  |g Алексей Николаевич  |p Академия права и управления Федеральной службы исполнения наказаний 
712 0 2 |a Академия права и управления Федеральной службы исполнения наказаний 
801 0 |a RU  |b Общество с ограниченной ответственностью «ЗНАНИУМ»  |c 20161125  |2 rusmarc 
856 4 |a znanium.com  |m ebs_support@infra-m.ru  |n НИЦ ИНФРА-М  |u https://znanium.com/catalog/document?id=18203 
856 4 1 |a znanium.com  |d /cover/0780  |f 780414.jpg  |q image/jpeg  |u https://znanium.com/cover/0780/780414.jpg